000 01068nam a22002057a 4500
999 _c17990
_d17990
003 BDDh-ASL
005 20231015025651.0
008 200916b1991 ||||| |||| 00| 0 d
040 _aBDDh-ASL
_cBDDh-ASL
_dBDDh-ASL
041 _abengali
082 _a297.09
_bHOI
100 _9821
_aহোসাইন, আয়াতুল্লাহ সাইয়্যেদ মুহাম্মদ
245 0 _aইসলামী আদর্শ :
_bএকটি বৈজ্ঞানিক পর্যালোচনা/
_c আয়াতুল্লাহ সাইয়্যেদ মুহাম্মদ হোসাইন; সিরাজুল হক (অনু.)।
246 _aIslami Adorsha
260 _aঢাকা:
_bআল্ কুদস পাবলিকেশন্স,
_c১৯৯১।
300 _a১১০ পৃষ্ঠা:
_c২১ সে. মি.।
650 0 _9749
_aইসলামী সমাজ ব্যবস্থা
_xইসলাম ধর্ম
700 0 _9822
_aহক, সিরাজুল
942 _2ddc
_cBK